Online
Catalog

Catálogo de expo-libros dominicanos 1990, Eugenio Maria de Hostos (Record no. 53063)

MARC details
000 -CABECERA
campo de control de longitud fija 01145nam a22002777a 4500
003 - IDENTIFICADOR DEL NÚMERO DE CONTROL
campo de control DO-SdBNP
005 - FECHA Y HORA DE LA ÚLTIMA TRANSACCIÓN
campo de control 20221205111735.0
007 - CAMPO FIJO DE DESCRIPCIÓN FÍSICA--INFORMACIÓN GENERAL
campo de control de longitud fija ta
008 - DATOS DE LONGITUD FIJA--INFORMACIÓN GENERAL
campo de control de longitud fija 220930b1990 |||||||| |||| 00| 0 spa d
040 ## - FUENTE DE LA CATALOGACIÓN
Centro catalogador/agencia de origen DO-SdBNP
Lengua de catalogación spa
Centro/agencia transcriptor BNPHU
041 ## - CÓDIGO DE LENGUA
Código de lengua original spa
082 #4 - NÚMERO DE LA CLASIFICACIÓN DECIMAL DEWEY
Número de edición 22
Número de clasificación 021.7
Número de documento/Ítem R426c
110 ## - ENTRADA PRINCIPAL--NOMBRE DE ENTIDAD CORPORATIVA
Nombre de entidad corporativa o nombre de jurisdicción como elemento de entrada República Dominicana.
Unidad subordinada Presidencia, Comisión Organizadora Permanente de la Feria Nacional del Libro
9 (RLIN) 82982
111 1# - ENTRADA PRINCIPAL--NOMBRE DE CONGRESO/REUNIÓN
9 (RLIN) 82465
245 10 - MENCIÓN DE TÍTULO
Título Catálogo de expo-libros dominicanos 1990, Eugenio Maria de Hostos
Resto del título
246 ## - FORMA VARIANTE DE TÍTULO
Título propio/Titulo breve Biblioteca José M. Lázaro Universidad de Puerto Rico, Rio Piedras (17 a 28 de febrero de 1990)
260 ## - PUBLICACIÓN, DISTRIBUCIÓN, ETC.
Lugar de publicación, distribución, etc. Santo Domingo :
Nombre del editor, distribuidor, etc. ,
-- Dirección General de la Feria del Libro,
Fecha de publicación, distribución, etc. 1990.
300 ## - DESCRIPCIÓN FÍSICA
Extensión 39 p.;
Dimensiones 28 cm
590 ## - NOTA LOCAL (RLIN)
Nota local Inventariado, 2022 /DG
611 #4 - PUNTO DE ACCESO ADICIONAL DE MATERIA--NOMBRE DE REUNIÓN/CONGRESO
9 (RLIN) 74466
Nombre de congreso/reunión o jurisdicción como elemento de entrada Feria Internacional del Libro
Sede del congreso/Lugar de la reunión Santo Domingo, República Dominicana)
Fecha del congreso/reunión 2003 : 24 abril al 4 mayo
Subdivisión general Catálogo
650 #4 - PUNTO DE ACCESO ADICIONAL DE MATERIA--TÉRMINO DE MATERIA
9 (RLIN) 53251
Término de materia o nombre geográfico como elemento de entrada Industria del libro
Subdivisión general Catálogo
Subdivisión geográfica República Dominicana
650 #4 - PUNTO DE ACCESO ADICIONAL DE MATERIA--TÉRMINO DE MATERIA
Término de materia o nombre geográfico como elemento de entrada Feria del libro
9 (RLIN) 40774
650 #4 - PUNTO DE ACCESO ADICIONAL DE MATERIA--TÉRMINO DE MATERIA
9 (RLIN) 55293
Término de materia o nombre geográfico como elemento de entrada Feria del libro
Subdivisión de forma Expositores
Subdivisión general Catálogo
Subdivisión cronológica 1990
Subdivisión geográfica República Dominicana
910 ## - DATOS DE OPCIÓN DEL USUARIO (OCLC)
Datos de opción del usuario DG
942 ## - ELEMENTOS DE PUNTO DE ACCESO ADICIONAL (KOHA)
Fuente del sistema de clasificación o colocación Dewey Decimal Classification
Tipo de ítem Koha Folleto
Holdings
Estado de retiro Estado de pérdida Fuente del sistema de clasificación o colocación Restricciones de uso No para préstamo Código de colección Localización permanente Ubicación/localización actual Ubicación en estantería Fecha de adquisición Total de préstamos Signatura topográfica completa Código de barras Fecha visto por última vez Precio válido a partir de Tipo de ítem Koha
    Dewey Decimal Classification Excluido de préstamo   Patrimonio Dominicano Biblioteca Nacional Pedro Henríquez Ureña Biblioteca Nacional Pedro Henríquez Ureña En catalogación 05.12.2022   BNPHU F- PD 021.7 R426c 2022-5882 05.12.2022 05.12.2022 Folleto

Powered by Koha